[Event "Kupreichik Memorial Rapid 2019"]
[Site "Minsk"]
[Date "2019.08.16"]
[Round "6.2"]
[White "Zhigalko, Sergei"]
[Black "Aleksandrov, Aleksej"]
[Result "1/2-1/2"]
[WhiteElo "2574"]
[BlackElo "2571"]
[Annotator "ChessBase"]
[PlyCount "60"]
[EventDate "2019.08.15"]
[EventType "swiss"]
[EventCountry "BLR"]
[SourceTitle "playchess.com"]
[Source "ChessBase"]
[SourceQuality "1"]
[TimeControl "900+10"]

1. e4 {[%emt 0:00:00]} e5 {[%emt 0:00:00]} 2. Nf3 {[%emt 0:00:00]} Nc6 {[%emt 0:00:00]} 3. Bc4 {[%emt 0:00:00]} Bc5 {[%emt 0:00:00]} 4. O-O {[%emt 0:00:00]} Nf6 {[%emt 0:00:00]} 5. d3 {[%emt 0:00:00]} d6 {[%emt 0:00:00]} 6. c3 {[%emt 0:00:05]} h6 {[%emt 0:00:01]} 7. Re1 {[%emt 0:00:45]} O-O {[%emt 0:00:03]} 8. Nbd2 {[%emt 0:00:11]} a6 {[%emt 0:00:01]} 9. Bb3 {[%emt 0:00:13]} Be6 {[%emt 0:00:02]} 10. Nf1 {[%emt 0:00:16]} Bxb3 {[%emt 0:00:05]} 11. Qxb3 {[%emt 0:00:07]} Re8 {[%emt 0:00:18]} 12. Be3 {[%emt 0:00:38]} Bxe3 {[%emt 0:00:04]} 13. Nxe3 {[%emt 0:00:01]} Qd7 {[%emt 0:00:12]} 14. Rad1 {[%emt 0:00:10]} b5 {[%emt 0:00:22]} 15. h3 {[%emt 0:02:43]} Rad8 {[%emt 0:00:24]} 16. Rd2 {[%emt 0:01:03]} Ne7 {[%emt 0:00:40]} 17. Nf1 {[%emt 0:01:58]} Ng6 {[%emt 0:00:17]} 18. Ng3 {[%emt 0:00:08]} d5 {[%emt 0:01:59]} 19. d4 {[%emt 0:02:17]} exd4 {[%emt 0:01:26]} 20. Rxd4 {[%emt 0:00:07]} c5 {[%emt 0:00:09]} 21. Rdd1 {[%emt 0:00:22]} Qc6 {[%emt 0:00:07]} 22. exd5 {[%emt 0:03:12]} Rxe1+ {[%emt 0:00:21]} 23. Nxe1 {[%emt 0:00:05]} Rxd5 {[%emt 0:00:10]} 24. Rxd5 {[%emt 0:00:38]} Nxd5 {[%emt 0:00:01]} 25. Qc2 {[%emt 0:01:01]} Nf6 {[%emt 0:00:28]} 26. Qf5 {[%emt 0:00:26]} Qd6 {[%emt 0:00:14]} 27. Nf3 {[%emt 0:01:26]} Qd1+ {[%emt 0:00:30]} 28. Kh2 {[%emt 0:00:01]} Qd6 {[%emt 0:00:01]} 29. Kg1 {[%emt 0:00:09]} Qd1+ {[%emt 0:00:25]} 30. Kh2 {[%emt 0:00:00]} Qd6 {[%emt 0:00:01]} 1/2-1/2

[Event "Kupreichik Memorial Rapid 2019"]
[Site "Minsk"]
[Date "2019.08.16"]
[Round "6.3"]
[White "Zhukova, Natalia"]
[Black "Dydyshko, Viacheslav"]
[Result "1-0"]
[WhiteElo "2333"]
[BlackElo "2506"]
[Annotator "ChessBase"]
[PlyCount "63"]
[EventDate "2019.08.15"]
[EventType "swiss"]
[EventCountry "BLR"]
[SourceTitle "playchess.com"]
[Source "ChessBase"]
[SourceQuality "1"]
[TimeControl "900+10"]

1. c4 {[%emt 0:00:00]} Nf6 {[%emt 0:00:00]} 2. Nc3 {[%emt 0:00:00]} g6 {[%emt 0:00:19]} 3. e4 {[%emt 0:00:00]} d6 {[%emt 0:00:01]} 4. d4 {[%emt 0:00:00]} Bg7 {[%emt 0:00:01]} 5. f4 {[%emt 0:00:05]} c5 {[%emt 0:00:20]} 6. d5 {[%emt 0:00:03]} O-O {[%emt 0:00:36]} 7. Nf3 {[%emt 0:00:02]} e6 {[%emt 0:00:17]} 8. dxe6 {[%emt 0:00:03]} Bxe6 {[%emt 0:00:18]} 9. Bd3 {[%emt 0:00:02]} Bg4 {[%emt 0:00:30]} 10. h3 {[%emt 0:00:20]} Bxf3 11. Qxf3 {[%emt 0:00:02]} Nc6 {[%emt 0:00:04]} 12. O-O {[%emt 0:00:03]} a6 {[%emt 0:00:20]} 13. Be3 {[%emt 0:01:15]} Rb8 {[%emt 0:00:27]} 14. Rad1 {[%emt 0:00:17]} Re8 {[%emt 0:00:45]} 15. Qf2 {[%emt 0:02:10]} Qa5 {[%emt 0:00:55]} 16. Bb1 {[%emt 0:01:22]} Rbd8 {[%emt 0:00:45]} 17. f5 {[%emt 0:02:48]} Rf8 {[%emt 0:05:53]} 18. g4 {[%emt 0:02:21]} h6 {[%emt 0:00:48]} 19. g5 {[%emt 0:00:22]} hxg5 {[%emt 0:00:57]} 20. Bxg5 {[%emt 0:00:02]} Rde8 {[%emt 0:00:19]} 21. Rxd6 {[%emt 0:00:57]} Nh7 {[%emt 0:00:06]} 22. Be3 {[%emt 0:00:04]} Ne5 {[%emt 0:00:12]} 23. Bxc5 {[%emt 0:00:44]} Ng5 {[%emt 0:00:40]} 24. Kg2 {[%emt 0:00:23]} Nxc4 {[%emt 0:00:59]} 25. Rd5 {[%emt 0:00:22]} Qc7 {[%emt 0:00:07]} 26. f6 {[%emt 0:01:20]} Bh6 {[%emt 0:00:20]} 27. Qh4 {[%emt 0:00:16]} Kh7 {[%emt 0:00:02]} 28. Rxg5 {[%emt 0:00:09]} Rh8 {[%emt 0:00:01]} 29. Rh5 {[%emt 0:01:37]} Ne3+ {[%emt 0:00:53]} 30. Bxe3 {[%emt 0:01:07]} gxh5 {[%emt 0:00:03]} 31. e5+ {[%emt 0:00:18]} Kg8 {[%emt 0:00:01]} 32. Qg3+ {[%emt 0:00:05]} 1-0

[Event "Kupreichik Memorial Rapid 2019"]
[Site "Minsk"]
[Date "2019.08.16"]
[Round "6.4"]
[White "Pein, Malcolm"]
[Black "Sveshnikov, Evgeny"]
[Result "1/2-1/2"]
[WhiteElo "2312"]
[BlackElo "2483"]
[Annotator "ChessBase"]
[PlyCount "141"]
[EventDate "2019.08.15"]
[EventType "swiss"]
[EventCountry "BLR"]
[SourceTitle "playchess.com"]
[Source "ChessBase"]
[SourceQuality "1"]
[TimeControl "900+10"]

1. Nf3 {[%emt 0:00:00]} d5 {[%emt 0:00:00]} 2. c4 {[%emt 0:00:00]} e6 {[%emt 0:00:00]} 3. g3 {[%emt 0:00:12]} dxc4 {[%emt 0:00:15]} 4. Qa4+ {[%emt 0:00:07]} Bd7 {[%emt 0:00:12]} 5. Qxc4 {[%emt 0:00:03]} c5 {[%emt 0:00:01]} 6. Bg2 {[%emt 0:00:38]} Nc6 {[%emt 0:00:02]} 7. O-O {[%emt 0:00:11]} Rc8 {[%emt 0:00:29]} 8. b3 {[%emt 0:00:45]} Nf6 {[%emt 0:02:08]} 9. Bb2 {[%emt 0:00:04]} Be7 {[%emt 0:00:01]} 10. Nc3 {[%emt 0:01:55]} O-O {[%emt 0:00:17]} 11. Ne4 {[%emt 0:01:40]} Nxe4 {[%emt 0:04:01]} 12. Qxe4 {[%emt 0:00:02]} Bf6 {[%emt 0:00:04]} 13. Bxf6 {[%emt 0:00:16]} Qxf6 {[%emt 0:00:01]} 14. Rfc1 {[%emt 0:01:35]} Rfd8 {[%emt 0:00:52]} 15. Rab1 {[%emt 0:00:32]} b6 {[%emt 0:00:34]} 16. a3 {[%emt 0:00:33]} e5 {[%emt 0:00:41]} 17. d3 {[%emt 0:00:15]} Be6 {[%emt 0:03:24]} 18. Qa4 {[%emt 0:01:01]} Qe7 {[%emt 0:00:03]} 19. b4 {[%emt 0:01:26]} Nd4 {[%emt 0:00:15]} 20. Nxd4 {[%emt 0:00:29]} cxd4 {[%emt 0:00:01]} 21. Qa6 {[%emt 0:00:39]} Rc3 {[%emt 0:00:19]} 22. Rxc3 {[%emt 0:00:49]} dxc3 {[%emt 0:00:01]} 23. Rc1 {[%emt 0:00:00]} Rc8 {[%emt 0:00:38]} 24. Bd5 {[%emt 0:00:33]} Rc7 {[%emt 0:01:27]} 25. Bc4 {[%emt 0:00:15]} Bxc4 {[%emt 0:00:03]} 26. dxc4 {[%emt 0:00:01]} Qd7 {[%emt 0:00:09]} 27. Rxc3 {[%emt 0:00:10]} Qd1+ {[%emt 0:00:03]} 28. Kg2 {[%emt 0:00:02]} Qxe2 {[%emt 0:00:02]} 29. Re3 {[%emt 0:01:00]} Qxc4 {[%emt 0:00:09]} 30. Rxe5 {[%emt 0:00:07]} Qc6+ {[%emt 0:01:01]} 31. Kg1 {[%emt 0:00:27]} g6 {[%emt 0:00:34]} 32. Qe2 {[%emt 0:00:27]} Qf6 {[%emt 0:00:09]} 33. Kg2 {[%emt 0:00:23]} Kg7 {[%emt 0:00:02]} 34. h4 {[%emt 0:00:20]} h5 {[%emt 0:00:07]} 35. Re8 {[%emt 0:00:28]} Rc3 {[%emt 0:00:08]} 36. Re3 {[%emt 0:00:13]} Rc1 {[%emt 0:00:13]} 37. Re7 {[%emt 0:00:51]} Qc6+ {[%emt 0:00:13]} 38. Qe4 {[%emt 0:00:02]} Qxe4+ {[%emt 0:00:08]} 39. Rxe4 {[%emt 0:00:01]} Rc3 {[%emt 0:00:03]} 40. a4 {[%emt 0:00:10]} Kf6 {[%emt 0:00:02]} 41. Kf1 {[%emt 0:00:11]} Rc2 {[%emt 0:00:33]} 42. Ke1 {[%emt 0:00:05]} a5 {[%emt 0:00:07]} 43. bxa5 {[%emt 0:00:02]} bxa5 {[%emt 0:00:01]} 44. Rd4 {[%emt 0:01:52]} Ke6 {[%emt 0:00:12]} 45. Re4+ {[%emt 0:00:21]} Kd6 {[%emt 0:00:02]} 46. Kf1 {[%emt 0:00:36]} Ra2 {[%emt 0:00:23]} 47. Kg2 {[%emt 0:00:02]} f5 {[%emt 0:00:27]} 48. Re8 {[%emt 0:00:08]} Rxa4 {[%emt 0:00:07]} 49. Rg8 {[%emt 0:00:02]} Re4 {[%emt 0:00:17]} 50. Rxg6+ {[%emt 0:00:02]} Re6 {[%emt 0:00:01]} 51. Rg5 {[%emt 0:00:04]} Rf6 {[%emt 0:00:10]} 52. Rxh5 {[%emt 0:00:03]} a4 {[%emt 0:00:01]} 53. Rh8 {[%emt 0:00:13]} Kc5 {[%emt 0:00:02]} 54. Ra8 {[%emt 0:00:01]} Kb4 {[%emt 0:00:02]} 55. Rb8+ {[%emt 0:00:03]} Ka5 {[%emt 0:00:09]} 56. Kf3 {[%emt 0:00:28]} a3 {[%emt 0:00:01]} 57. Rb1 {[%emt 0:00:04]} Ka4 {[%emt 0:00:13]} 58. Kf4 {[%emt 0:00:07]} a2 {[%emt 0:00:08]} 59. Ra1 {[%emt 0:00:04]} Kb3 {[%emt 0:00:02]} 60. Kg5 {[%emt 0:00:02]} Rf8 {[%emt 0:00:15]} 61. h5 {[%emt 0:00:05]} Kb2 {[%emt 0:00:05]} 62. Rxa2+ {[%emt 0:00:01]} Kxa2 {[%emt 0:00:01]} 63. h6 {[%emt 0:00:02]} Kb3 {[%emt 0:00:04]} 64. Kg6 {[%emt 0:00:05]} Kc4 {[%emt 0:00:04]} 65. h7 {[%emt 0:00:06]} Kd3 {[%emt 0:00:12]} 66. Kg7 {[%emt 0:00:12]} Ra8 {[%emt 0:00:01]} 67. h8=Q {[%emt 0:00:03]} Rxh8 {[%emt 0:00:02]} 68. Kxh8 {[%emt 0:00:01]} Ke2 {[%emt 0:00:01]} 69. Kg7 {[%emt 0:00:16]} Kxf2 {[%emt 0:00:02]} 70. Kf6 {[%emt 0:00:01]} Kxg3 {[%emt 0:00:02]} 71. Kxf5 1/2-1/2

[Event "Kupreichik Memorial Rapid 2019"]
[Site "Minsk"]
[Date "2019.08.16"]
[Round "6.5"]
[White "Mustaps, Matiss"]
[Black "Agapov, Sergey"]
[Result "1-0"]
[WhiteElo "2381"]
[BlackElo "2265"]
[Annotator "NA"]
[PlyCount "53"]
[EventDate "2019.08.15"]
[EventType "swiss"]
[EventCountry "BLR"]
[SourceTitle "playchess.com"]
[Source "ChessBase"]
[SourceQuality "1"]
[TimeControl "900+10"]

1. e4 {[%emt 0:00:00]} d5 {[%emt 0:00:00]} 2. exd5 {[%emt 0:00:00]} Qxd5 {[%emt 0:00:00]} 3. Nc3 {[%emt 0:00:00]} Qd6 {[%emt 0:00:00]} 4. d4 {[%emt 0:00:06]} Nf6 {[%emt 0:00:00]} 5. Nf3 {[%emt 0:00:02]} c6 {[%emt 0:00:00]} 6. Bc4 {[%emt 0:00:16]} Bf5 {[%emt 0:00:26]} 7. Ne5 {[%emt 0:00:10]} Bg6 {[%emt 0:00:07]} 8. h4 {[%emt 0:00:29]} Nbd7 {[%emt 0:00:08]} 9. Bf4 {[%emt 0:00:11]} Nxe5 {[%emt 0:00:16]} 10. Bxe5 {[%emt 0:01:18]} Qb4 {[%emt 0:00:22]} 11. Bb3 {[%emt 0:00:05]} e6 {[%emt 0:02:13]} 12. h5 {[%emt 0:00:22]} Bf5 {[%emt 0:01:13]} 13. h6 {[%emt 0:00:32]} Qe7 {[%emt 0:00:01]} 14. g4 {[%emt 0:02:09]} Bxg4 {[%emt 0:02:41]} 15. Bxf6 gxf6 {[%emt 0:00:01]} 16. Qxg4 {[%emt 0:00:18]} O-O-O {[%emt 0:00:02]} 17. O-O-O {[%emt 0:00:10]} Rg8 {[%emt 0:00:10]} 18. Qe4 {[%emt 0:01:44]} Rg6 {[%emt 0:00:50]} 19. Kb1 {[%emt 0:01:18]} Qc7 {[%emt 0:01:03]} 20. Rdg1 {[%emt 0:01:46]} f5 {[%emt 0:00:05]} 21. Qe1 {[%emt 0:00:24]} Rxh6 {[%emt 0:01:04]} 22. Rxh6 {[%emt 0:00:03]} Bxh6 {[%emt 0:00:01]} 23. Bxe6+ {[%emt 0:00:01]} Kb8 {[%emt 0:00:01]} 24. Bxf5 {[%emt 0:00:25]} f6 {[%emt 0:00:23]} 25. Bd3 {[%emt 0:00:40]} Bg5 {[%emt 0:00:15]} 26. Ne4 {[%emt 0:00:19]} Bh4 {[%emt 0:00:46]} 27. Rh1 {[%emt 0:00:38]} 1-0

[Event "Kupreichik Memorial Rapid 2019"]
[Site "Minsk"]
[Date "2019.08.16"]
[Round "6.6"]
[White "Meshkov, Yuri A."]
[Black "Pogosian, Manvel"]
[Result "1-0"]
[WhiteElo "2336"]
[BlackElo "2383"]
[Annotator "NA"]
[PlyCount "149"]
[EventDate "2019.08.15"]
[EventType "swiss"]
[EventCountry "BLR"]
[SourceTitle "playchess.com"]
[Source "ChessBase"]
[SourceQuality "1"]
[TimeControl "900+10"]

1. e4 {[%emt 0:00:00]} c6 {[%emt 0:00:00]} 2. d4 {[%emt 0:00:00]} d5 {[%emt 0:00:00]} 3. exd5 {[%emt 0:00:00]} cxd5 {[%emt 0:00:00]} 4. Bd3 {[%emt 0:00:00]} Nc6 {[%emt 0:00:02]} 5. c3 {[%emt 0:00:00]} Nf6 {[%emt 0:00:24]} 6. Bf4 {[%emt 0:00:00]} g6 {[%emt 0:00:05]} 7. Nf3 {[%emt 0:00:13]} Bf5 {[%emt 0:00:06]} 8. O-O {[%emt 0:00:27]} Bxd3 9. Qxd3 {[%emt 0:00:01]} Bg7 {[%emt 0:00:12]} 10. Nbd2 {[%emt 0:00:11]} O-O {[%emt 0:00:08]} 11. h3 {[%emt 0:00:01]} Rc8 {[%emt 0:00:49]} 12. Rfe1 {[%emt 0:00:13]} a6 {[%emt 0:00:33]} 13. a4 {[%emt 0:00:07]} Nd7 {[%emt 0:00:12]} 14. Re2 {[%emt 0:00:51]} Re8 {[%emt 0:01:11]} 15. Qb1 {[%emt 0:01:15]} Qb6 {[%emt 0:00:35]} 16. Qa2 {[%emt 0:00:08]} e6 {[%emt 0:01:19]} 17. g4 {[%emt 0:00:41]} Na5 {[%emt 0:01:04]} 18. Rae1 {[%emt 0:01:02]} Nc4 {[%emt 0:01:18]} 19. Nxc4 {[%emt 0:00:08]} Rxc4 {[%emt 0:00:01]} 20. Nd2 {[%emt 0:00:12]} Rcc8 {[%emt 0:00:13]} 21. Nb3 {[%emt 0:00:54]} Qd8 {[%emt 0:01:41]} 22. Nc1 {[%emt 0:00:13]} b5 {[%emt 0:01:00]} 23. Nd3 {[%emt 0:00:01]} Qb6 {[%emt 0:00:44]} 24. Nb4 {[%emt 0:00:25]} Rf8 {[%emt 0:01:29]} 25. axb5 {[%emt 0:01:52]} axb5 {[%emt 0:00:10]} 26. Ra1 {[%emt 0:00:03]} Rc4 {[%emt 0:01:16]} 27. Be3 {[%emt 0:00:48]} f5 {[%emt 0:00:33]} 28. Qa7 {[%emt 0:00:35]} Qxa7 {[%emt 0:01:32]} 29. Rxa7 {[%emt 0:00:01]} Rf7 {[%emt 0:00:20]} 30. Kg2 {[%emt 0:03:10]} Nf8 {[%emt 0:00:19]} 31. Rxf7 Kxf7 {[%emt 0:00:01]} 32. Nd3 {[%emt 0:00:14]} Nd7 {[%emt 0:00:08]} 33. Re1 {[%emt 0:00:23]} Bf8 {[%emt 0:00:22]} 34. Ra1 {[%emt 0:00:09]} Ra4 {[%emt 0:00:09]} 35. Rc1 {[%emt 0:00:16]} Bd6 {[%emt 0:00:13]} 36. Bf4 {[%emt 0:00:32]} Be7 {[%emt 0:00:26]} 37. gxf5 {[%emt 0:00:32]} gxf5 {[%emt 0:00:09]} 38. Kf3 {[%emt 0:00:01]} Ra2 {[%emt 0:00:11]} 39. Be5 {[%emt 0:00:29]} Nb6 {[%emt 0:00:23]} 40. Rg1 {[%emt 0:00:23]} Bf8 {[%emt 0:00:03]} 41. Re1 {[%emt 0:01:15]} Nc4 {[%emt 0:00:14]} 42. Re2 {[%emt 0:00:00]} Bh6 {[%emt 0:00:00]} 43. Bf4 {[%emt 0:00:17]} Bf8 {[%emt 0:00:13]} 44. b3 {[%emt 0:00:19]} Rxe2 {[%emt 0:00:06]} 45. Kxe2 {[%emt 0:00:01]} Na5 {[%emt 0:00:11]} 46. b4 {[%emt 0:00:26]} Nc6 {[%emt 0:00:17]} 47. Bc7 {[%emt 0:00:09]} Bh6 {[%emt 0:00:20]} 48. Bf4 {[%emt 0:00:12]} Bf8 {[%emt 0:00:07]} 49. Ne1 {[%emt 0:00:15]} Be7 {[%emt 0:00:26]} 50. Nc2 {[%emt 0:00:01]} Kg6 {[%emt 0:00:46]} 51. Na3 {[%emt 0:00:01]} Na7 {[%emt 0:00:01]} 52. Bb8 {[%emt 0:00:02]} Nc6 {[%emt 0:00:01]} 53. Bc7 {[%emt 0:00:01]} Na7 {[%emt 0:00:07]} 54. Bb6 {[%emt 0:00:00]} Nc8 {[%emt 0:00:13]} 55. Bc5 {[%emt 0:00:01]} Bxc5 {[%emt 0:00:10]} 56. bxc5 {[%emt 0:00:12]} Na7 {[%emt 0:00:02]} 57. Nc2 {[%emt 0:00:01]} f4 {[%emt 0:00:09]} 58. Nb4 {[%emt 0:00:04]} Kf5 {[%emt 0:00:02]} 59. Kf3 {[%emt 0:00:02]} e5 {[%emt 0:00:19]} 60. dxe5 {[%emt 0:00:10]} Kxe5 {[%emt 0:00:01]} 61. Nd3+ {[%emt 0:00:01]} Kf5 {[%emt 0:00:23]} 62. Nxf4 {[%emt 0:00:01]} Ke5 {[%emt 0:00:00]} 63. Nd3+ {[%emt 0:00:01]} Kf5 {[%emt 0:00:02]} 64. Nb4 {[%emt 0:00:02]} Ke5 {[%emt 0:00:07]} 65. Ke3 {[%emt 0:00:01]} h5 {[%emt 0:00:15]} 66. f4+ {[%emt 0:00:22]} Ke6 {[%emt 0:00:36]} 67. Nc2 {[%emt 0:00:04]} Kf6 {[%emt 0:00:28]} 68. Nd4 {[%emt 0:00:02]} Ke7 {[%emt 0:00:14]} 69. Kf3 {[%emt 0:00:07]} Kd7 {[%emt 0:00:10]} 70. f5 {[%emt 0:00:07]} Nc8 {[%emt 0:00:24]} 71. f6 {[%emt 0:00:04]} Ke8 {[%emt 0:00:13]} 72. Kf4 {[%emt 0:00:01]} Kf7 {[%emt 0:00:01]} 73. Kf5 {[%emt 0:00:10]} h4 {[%emt 0:00:05]} 74. Nxb5 {[%emt 0:00:09]} Kf8 {[%emt 0:00:21]} 75. Ke6 {[%emt 0:00:05]} 1-0

[Event "Kupreichik Memorial Rapid 2019"]
[Site "Minsk"]
[Date "2019.08.16"]
[Round "6.7"]
[White "Smirnov, Valerij"]
[Black "Sychev, Klementy"]
[Result "0-1"]
[WhiteElo "2261"]
[BlackElo "2579"]
[Annotator "ChessBase"]
[PlyCount "88"]
[EventDate "2019.08.15"]
[EventType "swiss"]
[EventCountry "BLR"]
[SourceTitle "playchess.com"]
[Source "ChessBase"]
[SourceQuality "1"]
[TimeControl "900+10"]

1. d4 {[%emt 0:00:00]} Nf6 {[%emt 0:00:01]} 2. c4 {[%emt 0:00:00]} e6 {[%emt 0:00:08]} 3. Nf3 {[%emt 0:00:03]} d5 {[%emt 0:00:08]} 4. e3 {[%emt 0:00:15]} Be7 {[%emt 0:00:19]} 5. Nc3 {[%emt 0:00:05]} O-O {[%emt 0:00:11]} 6. Be2 {[%emt 0:00:39]} dxc4 {[%emt 0:00:05]} 7. Bxc4 {[%emt 0:00:02]} a6 {[%emt 0:00:03]} 8. O-O {[%emt 0:00:11]} b5 {[%emt 0:00:02]} 9. Bb3 {[%emt 0:00:01]} Bb7 {[%emt 0:00:09]} 10. Qe2 {[%emt 0:00:26]} c5 {[%emt 0:00:27]} 11. Rd1 {[%emt 0:00:19]} Qc7 {[%emt 0:03:41]} 12. Bd2 {[%emt 0:04:03]} Nc6 {[%emt 0:03:44]} 13. Rac1 {[%emt 0:00:35]} c4 {[%emt 0:00:31]} 14. Bc2 {[%emt 0:00:05]} Rad8 {[%emt 0:00:08]} 15. Be1 {[%emt 0:01:26]} Nb4 {[%emt 0:00:32]} 16. Bb1 {[%emt 0:00:25]} Nbd5 {[%emt 0:00:22]} 17. Ne5 {[%emt 0:01:58]} Bd6 {[%emt 0:00:37]} 18. f4 {[%emt 0:00:10]} Nxc3 {[%emt 0:00:18]} 19. Bxc3 {[%emt 0:01:13]} Qc8 {[%emt 0:01:28]} 20. b3 {[%emt 0:01:01]} Ba3 {[%emt 0:03:05]} 21. Bb2 {[%emt 0:00:09]} Bxb2 {[%emt 0:00:02]} 22. Qxb2 {[%emt 0:00:02]} Nd5 {[%emt 0:00:03]} 23. Qf2 {[%emt 0:02:43]} c3 {[%emt 0:00:01]} 24. f5 {[%emt 0:01:12]} f6 {[%emt 0:00:18]} 25. Nd3 {[%emt 0:00:03]} exf5 {[%emt 0:00:16]} 26. Nc5 {[%emt 0:00:01]} g6 {[%emt 0:00:01]} 27. e4 {[%emt 0:00:32]} fxe4 {[%emt 0:00:01]} 28. Bxe4 {[%emt 0:00:01]} b4 {[%emt 0:00:02]} 29. Re1 {[%emt 0:00:32]} Ba8 {[%emt 0:01:02]} 30. Rc2 {[%emt 0:00:11]} Rde8 {[%emt 0:00:12]} 31. Rce2 {[%emt 0:00:04]} Kg7 {[%emt 0:00:16]} 32. Qg3 {[%emt 0:00:35]} Kh8 {[%emt 0:00:44]} 33. Qf3 {[%emt 0:00:26]} Nc7 {[%emt 0:00:17]} 34. Bc6 {[%emt 0:00:15]} Rxe2 {[%emt 0:00:13]} 35. Rxe2 {[%emt 0:00:01]} Nb5 {[%emt 0:00:08]} 36. Ne6 {[%emt 0:01:03]} Bxc6 {[%emt 0:00:06]} 37. d5 {[%emt 0:00:01]} Bb7 {[%emt 0:00:12]} 38. Nxf8 {[%emt 0:00:02]} Qxf8 {[%emt 0:00:02]} 39. Qe4 {[%emt 0:00:08]} Nc7 {[%emt 0:00:41]} 40. Qe7 {[%emt 0:00:12]} Qxe7 {[%emt 0:00:02]} 41. Rxe7 {[%emt 0:00:02]} Nxd5 {[%emt 0:00:01]} 42. Rxb7 {[%emt 0:00:01]} c2 {[%emt 0:00:01]} 43. Rb8+ {[%emt 0:00:00]} Kg7 {[%emt 0:00:01]} 44. Rc8 {[%emt 0:00:01]} Nc3 {[%emt 0:00:02]} 0-1

[Event "Kupreichik Memorial Rapid 2019"]
[Site "Minsk"]
[Date "2019.08.16"]
[Round "6.8"]
[White "Kuleshov, Konstantin"]
[Black "Vaganian, Rafael A"]
[Result "1/2-1/2"]
[WhiteElo "2076"]
[BlackElo "2514"]
[Annotator "RC"]
[PlyCount "61"]
[EventDate "2019.08.15"]
[EventType "swiss"]
[EventCountry "BLR"]
[SourceTitle "playchess.com"]
[Source "ChessBase"]
[SourceQuality "1"]
[TimeControl "900+10"]

1. d4 {[%emt 0:00:00]} d5 {[%emt 0:00:00]} 2. c4 {[%emt 0:00:00]} e6 {[%emt 0:00:00]} 3. Nc3 {[%emt 0:00:00]} Be7 {[%emt 0:00:00]} 4. Nf3 {[%emt 0:00:00]} Nf6 5. Bf4 {[%emt 0:00:18]} O-O {[%emt 0:00:00]} 6. e3 {[%emt 0:00:02]} Nbd7 {[%emt 0:00:00]} 7. Be2 {[%emt 0:00:06]} c5 {[%emt 0:00:18]} 8. O-O {[%emt 0:00:08]} cxd4 {[%emt 0:00:03]} 9. exd4 {[%emt 0:00:02]} dxc4 {[%emt 0:00:01]} 10. Bxc4 {[%emt 0:00:03]} Nb6 {[%emt 0:00:03]} 11. Bd3 {[%emt 0:00:07]} Nbd5 {[%emt 0:00:07]} 12. Be5 {[%emt 0:00:06]} b6 {[%emt 0:00:13]} 13. Qe2 {[%emt 0:00:19]} Bb7 {[%emt 0:00:02]} 14. Rad1 {[%emt 0:00:03]} Rc8 {[%emt 0:00:38]} 15. Nxd5 Nxd5 16. Qe4 {[%emt 0:00:08]} f5 {[%emt 0:00:09]} 17. Qe2 {[%emt 0:00:08]} Bf6 {[%emt 0:00:52]} 18. a3 {[%emt 0:00:10]} Re8 {[%emt 0:00:22]} 19. Bb5 {[%emt 0:00:14]} Bc6 {[%emt 0:00:02]} 20. Ba6 {[%emt 0:00:12]} Ra8 {[%emt 0:00:14]} 21. Rc1 {[%emt 0:00:02]} Qd7 22. Rc2 {[%emt 0:00:15]} Ba4 {[%emt 0:00:50]} 23. Rcc1 {[%emt 0:00:46]} Re7 24. h3 {[%emt 0:00:17]} Bxe5 {[%emt 0:01:04]} 25. Nxe5 {[%emt 0:00:16]} Qd6 {[%emt 0:00:01]} 26. Nc4 {[%emt 0:00:54]} Qd8 {[%emt 0:00:43]} 27. Qe5 {[%emt 0:00:07]} Bb3 {[%emt 0:03:23]} 28. Nd2 {[%emt 0:01:12]} Ba4 {[%emt 0:00:12]} 29. Nc4 {[%emt 0:00:07]} Bb3 {[%emt 0:00:11]} 30. Nd2 {[%emt 0:00:01]} Ba4 {[%emt 0:00:01]} 31. Nc4 {[%emt 0:00:02]} 1/2-1/2